The environmental politics of sacrifice / (Record no. 16369)
[ view plain ]
| 000 -LEADER | |
|---|---|
| fixed length control field | 02607cam a2200313 a 4500 |
| 001 - CONTROL NUMBER | |
| control field | 15967819 |
| 005 - DATE AND TIME OF LATEST TRANSACTION | |
| control field | 20101013123839.0 |
| 008 - FIXED-LENGTH DATA ELEMENTS--GENERAL INFORMATION | |
| fixed length control field | 091030s2010 mau b 001 0 eng |
| 020 ## - INTERNATIONAL STANDARD BOOK NUMBER | |
| International Standard Book Number | 9780262014366 (hardcover : alk. paper) |
| 020 ## - INTERNATIONAL STANDARD BOOK NUMBER | |
| International Standard Book Number | 026201436X (hardcover : alk. paper) |
| 020 ## - INTERNATIONAL STANDARD BOOK NUMBER | |
| International Standard Book Number | 9780262514361 (pbk. : alk. paper) |
| 020 ## - INTERNATIONAL STANDARD BOOK NUMBER | |
| International Standard Book Number | 0262514362 (pbk. : alk. paper) |
| 035 ## - SYSTEM CONTROL NUMBER | |
| System control number | (OCoLC)ocn463454544 |
| 040 ## - CATALOGING SOURCE | |
| Original cataloging agency | DLC |
| Transcribing agency | DLC |
| Modifying agency | YDXCP |
| -- | C#P |
| -- | BWX |
| -- | UKM |
| -- | CDX |
| -- | DLC |
| 082 00 - DEWEY DECIMAL CLASSIFICATION NUMBER | |
| Classification number | 363.70561 |
| Edition number | 22 |
| Item number | ENV |
| 245 04 - TITLE STATEMENT | |
| Title | The environmental politics of sacrifice / |
| Statement of responsibility, etc | edited by Michael Maniates and John M. Meyer. |
| 260 ## - PUBLICATION, DISTRIBUTION, ETC. (IMPRINT) | |
| Place of publication, distribution, etc | Cambridge, Mass. : |
| Name of publisher, distributor, etc | MIT Press, |
| Date of publication, distribution, etc | c2010. |
| 300 ## - PHYSICAL DESCRIPTION | |
| Extent | viii, 343 p. ; |
| Dimensions | 23 cm. |
| 504 ## - BIBLIOGRAPHY, ETC. NOTE | |
| Bibliography, etc | Includes bibliographical references and index. |
| 505 0# - FORMATTED CONTENTS NOTE | |
| Formatted contents note | Must we sacrifice? confronting the politics of sacrifice in an ecologically full world / John M. Meyer and Michael Maniates -- Asking the right questions -- A democratic politics of sacrifice? / John M. Meyer -- Sacrifice in an age of comfort / Paul Wapner -- Freedom, values, and sacrifice : overcoming obstacles to environmentally sustainable behavior / Cheryl Hall -- Seeing sacrifice in everyday life -- Ordinary and extraordinary sacrifices : religion, everyday life, and environmental practice / Anna Peterson -- The sacred and the profane in the ecological politics of sacrifice / Karen Litfin -- Consumer sovereignty, heroic sacrifice : two insidious concepts in an endlessly expansionist economy / Thomas Princen -- Parental sacrifice as atonement for future climate change / Sudhir Chella Rajan -- Obstacles and opportunities -- Self-interest, sacrifice and climate change : (re- )framing the British Columbia carbon tax / Shane Gunster -- Civic virtue and sacrifice in a suburban nation / Peter Cannav�o -- Bikes, sticks, carrots / Justin Williams -- Intelligent design? : unpacking geoengineering's hidden sacrifices / Simon Nicholson -- Struggling with sacrifice : take back your time and right2vacation.org / Michael Maniates -- Conclusion : sacrifice and a new environmental politics / Michael Maniates and John M. Meyer. |
| 650 #0 - SUBJECT ADDED ENTRY--TOPICAL TERM | |
| Topical term or geographic name as entry element | Environmental policy. |
| 9 (RLIN) | 28537 |
| 650 #0 - SUBJECT ADDED ENTRY--TOPICAL TERM | |
| Topical term or geographic name as entry element | Sacrifice. |
| 9 (RLIN) | 28538 |
| 653 ## - INDEX TERM--UNCONTROLLED | |
| Resource For college | |
| Arrived date list | February2012 |
| 700 1# - ADDED ENTRY--PERSONAL NAME | |
| Personal name | Maniates, Michael. |
| 9 (RLIN) | 28539 |
| 700 1# - ADDED ENTRY--PERSONAL NAME | |
| Personal name | Meyer, John M. |
| 9 (RLIN) | 28540 |
| 942 ## - ADDED ENTRY ELEMENTS (KOHA) | |
| Source of classification or shelving scheme | Dewey Decimal Classification |
| Item type | Book - Borrowing |
| Withdrawn status | Item status | Source of classification or shelving scheme | Damaged status | Not for loan | Vendor | Home library | Current library | Shelving location | Date acquired | Source of acquisition | Cost, normal purchase price | Serial Enumeration / chronology | Total Checkouts | Total Renewals | Full call number | Barcode | Date last seen | Date last borrowed | Koha item type |
|---|---|---|---|---|---|---|---|---|---|---|---|---|---|---|---|---|---|---|---|
| Dewey Decimal Classification | Baccah | Central Library | Central Library | First floor | 01/02/2012 | 170.00 | 13955 | 1 | 23 | 363.70561 ENV | 000025960 | 15/07/2025 | 04/03/2014 | Book - Borrowing |